000 00960nam a22002537a 4500
001 83714
003 BD-RjUL
005 20240509191135.0
008 240509s2006 bg a|||| m||| 00| 0 eng d
035 _a(BD-RjUL)83714
040 _aBD-RjUL
_beng
_cBD-RjUL
_dBD-RjUL
041 _aeng
082 _223
_a584.9
_bAMH 2006
100 _aAmin, Md. Ruhul
245 1 0 _aHeterosis, hybrid Vigour and combining ability in rice (oryza sativa L,.) /
_cBy Md. Ruhul Amin ;
_6Supervisor : M. Firoz Alam, Co-Supervisor : M. Monzur Hossain
260 _aRajshahi :
_bDepartment of Botany, University of Rajshahi,
_c2006
300 _avii, 166 leaves :
_bill, ;
_c29.cm.
502 _aThesis (Ph. D.) -- Department of Botany, University of Rajshahi, 2006
504 _aReferences : Leaves 136 -152
650 _aRice tribe
_xHybrid Vigour
_912953
700 _aAlam, M. Firoz, Supervisor
_94955
700 _aHossain, M. Monzur, Co-Supervisor
_912890
942 _2ddc
_cTHE
999 _c83714
_d83714